000 00464ntaaa2200181 4500
003 01
005 20251027202328.0
008 0714s1973 ag 01
040 _aAR-BaBN
_bspa
_cAR-BaBN
_eaacr
_dRIC
082 _a291.1000 N31
100 _aNeill, Stephen
_93275
245 _aChristian faith and other faiths
250 _a1 ed.
260 _aLondon :
_bOxford University Press,
_cc1961
300 _a241 p
650 _areligiones comparadas
_93333
942 _cBK
999 _c18137
_d18137